Countries very highly developed 2019 - Statistics

General Stats
  • This quiz has been taken 71 times
  • The average score is 53 of 62
Answer Stats
Position Answer % Correct
6 Australia
98%
14 Canada
98%
13 Denmark
98%
17 Finland
98%
18 New Zealand
98%
1 Norway
98%
10 Sweden
98%
15 United States
98%
26 France
95%
21 Japan
95%
25 South Korea
95%
4 Switzerland
95%
16 United Kingdom
95%
9 Iceland
93%
31 Italy
93%
2 Monaco
93%
36 Poland
93%
45 Portugal
93%
50 Argentina
90%
22 Austria
90%
47 Chile
90%
33 Estonia
90%
7 Ireland
90%
24 Israel
90%
59 Kuwait
90%
23 Luxembourg
90%
38 Andorra
88%
30 Czechia
88%
34 Greece
88%
48 Hungary
88%
20 Liechtenstein
88%
40 Qatar
88%
55 Romania
88%
29 Spain
88%
5 Taiwan
88%
12 The Netherlands
88%
19 Belgium
86%
8 Germany
86%
44 Latvia
86%
39 Lithuania
86%
3 San Marino
86%
11 Singapore
86%
54 Bulgaria
83%
49 Croatia
83%
52 Russia
83%
43 Saudi Arabia
83%
41 Slovakia
83%
28 Slovenia
83%
58 Uruguay
83%
27 Vatican
83%
37 United Arab Emirates
81%
46 Bahrain
79%
56 Belarus
76%
35 Cyprus
76%
32 Malta
76%
51 Oman
76%
42 Brunei
74%
60 Malaysia
67%
57 The Bahamas
67%
53 Montenegro
62%
62 Kazakhstan
52%
61 Barbados
50%
No matching quizzes found
Score Distribution
Percent of People with Each Score
Percentile by Number Answered
Your Score History
You have not taken this quiz